<?xml version="1.0" encoding="UTF-8"?><?xml-stylesheet type="text/xsl" href="static/style.xsl"?><OAI-PMH xmlns="http://www.openarchives.org/OAI/2.0/" xmlns:xsi="http://www.w3.org/2001/XMLSchema-instance" xsi:schemaLocation="http://www.openarchives.org/OAI/2.0/ http://www.openarchives.org/OAI/2.0/OAI-PMH.xsd"><responseDate>2026-06-02T01:36:43Z</responseDate><request verb="GetRecord" identifier="oai:riuma.uma.es:10630/29614" metadataPrefix="marc">https://riuma.uma.es/rest/oai/request</request><GetRecord><record><header><identifier>oai:riuma.uma.es:10630/29614</identifier><datestamp>2026-02-03T11:29:16Z</datestamp><setSpec>com_10630_2254</setSpec><setSpec>col_10630_37953</setSpec></header><metadata><record xmlns="http://www.loc.gov/MARC21/slim" xmlns:dcterms="http://purl.org/dc/terms/" xmlns:doc="http://www.lyncode.com/xoai" xmlns:xsi="http://www.w3.org/2001/XMLSchema-instance" xsi:schemaLocation="http://www.loc.gov/MARC21/slim http://www.loc.gov/standards/marcxml/schema/MARC21slim.xsd">
   <leader>00925njm 22002777a 4500</leader>
   <datafield ind2=" " ind1=" " tag="042">
      <subfield code="a">dc</subfield>
   </datafield>
   <datafield ind2=" " ind1=" " tag="720">
      <subfield code="a">Caparrós-Ruiz, Antonio</subfield>
      <subfield code="e">author</subfield>
   </datafield>
   <datafield ind2=" " ind1=" " tag="260">
      <subfield code="c">2019-01-30</subfield>
   </datafield>
   <datafield ind2=" " ind1=" " tag="520">
      <subfield code="a">PhD programmes are considered as transmission channels to provide specialisation and skills to students who will be employed as highly-qualified workers or researchers. Focusing on the Spanish case, they are exerting a positive influence on workers’ careers since doctorate holders have a privileged situation in the labour market. This article analyses international mobility's effects on some aspects associated with doctorate holders’ careers such as their wages and how their current employment is related to their doctoral studies. The methodology applied consists in developing, on the one hand, a wage econometric specification and, on the other, a probit model, taking into account the possible mismatch between the training acquired in the doctoral studies and the educational requirements of the current job. In both cases, the dependent variables are explained by a set of regressors and a dummy variable showing whether doctorate holders have spent time in another country once completed their doctoral studies.</subfield>
   </datafield>
   <datafield ind1="8" ind2=" " tag="024">
      <subfield code="a">Caparrós-Ruiz, A. (2019). Doctorate holders’ careers in Spain: Does international mobility matter? European Journal of Education Vol. 54(1), pp. 117-136. https://doi.org/10.1111/ejed.12326</subfield>
   </datafield>
   <datafield ind1="8" ind2=" " tag="024">
      <subfield code="a">https://hdl.handle.net/10630/29614</subfield>
   </datafield>
   <datafield ind1="8" ind2=" " tag="024">
      <subfield code="a">https://doi.org/10.1111/ejed.12326</subfield>
   </datafield>
   <datafield tag="653" ind2=" " ind1=" ">
      <subfield code="a">Cursos de postgrado</subfield>
   </datafield>
   <datafield ind2="0" ind1="0" tag="245">
      <subfield code="a">Doctorate holders’ careers in Spain: Does international mobility matter?</subfield>
   </datafield>
</record>
</metadata></record></GetRecord></OAI-PMH>